| 000 | 00484nam a2200193 a 4500 | ||
|---|---|---|---|
| 001 | 6572 | ||
| 005 | 20180713190437.0 | ||
| 008 | 140415s1992 000 0 spa d | ||
| 020 | _a9686356991 | ||
| 041 | _aspa | ||
| 082 |
_a346 _bOVA |
||
| 100 | 1 | _aOvalle Favela, José,. | |
| 245 | 1 | 0 | _aDERECHO PROCESAL CIVIL |
| 250 | _a5a ed. | ||
| 260 |
_a[s.l.] : _bHARLA, _c1992 |
||
| 300 | _a459 | ||
| 490 | _aTEXTOS JURIDICOS UNIVERSITARIOS | ||
| 650 | 1 | 4 | _aDERECHO CIVIL |
| 999 |
_c6572 _d6572 |
||